000 00723 a2200193 4500
008 220518b ||||| |||| 00| 0 eng d
020 _a9780195732887
050 _aD 22
_b.K57 2011
100 _aKiruthu, Felix
245 _aThe evolving world : a history and Government course form four teacher's Book
_bFelix Kiruthu, Jacinta Kapiya and Wilson Kimori
260 _bOxford University Press East Africa Limited
_c2012
300 _a254p.
_c25cm.
650 _2 History | World history -- Outlines, Sylabii
_aOutlines, sylabii, etc.
650 _2 Kenya
_a History
_vStudy and teaching
650 _2 World history
_aOutlines, Sylabii
700 _aKapiyo, Jacinta
700 _aKimori, Wilson
942 _cBK
_2lcc
999 _c57927
_d57927